<?xml version="1.0" encoding="UTF-8"?>
<record
    xmlns:xsi="http://www.w3.org/2001/XMLSchema-instance"
    xsi:schemaLocation="http://www.loc.gov/MARC21/slim http://www.loc.gov/standards/marcxml/schema/MARC21slim.xsd"
    xmlns="http://www.loc.gov/MARC21/slim">

  <leader>01761nam a2200301Ia 4500</leader>
  <controlfield tag="003">OSt</controlfield>
  <controlfield tag="005">20210818155648.0</controlfield>
  <controlfield tag="008">210310s2010    ck     gr     000 0 spa d</controlfield>
  <datafield tag="020" ind1=" " ind2=" ">
    <subfield code="a">9789586601580</subfield>
  </datafield>
  <datafield tag="040" ind1=" " ind2=" ">
    <subfield code="a">CO-JMCR</subfield>
    <subfield code="c">CO-JMCR</subfield>
  </datafield>
  <datafield tag="041" ind1="0" ind2=" ">
    <subfield code="a">spa</subfield>
  </datafield>
  <datafield tag="082" ind1="0" ind2="4">
    <subfield code="a">323.4 /</subfield>
    <subfield code="b">R277e</subfield>
    <subfield code="2">23</subfield>
  </datafield>
  <datafield tag="100" ind1="1" ind2=" ">
    <subfield code="a">Restrepo Dom&#xED;nguez, Manuel Humberto, </subfield>
    <subfield code="e">autor</subfield>
    <subfield code="9">27506</subfield>
  </datafield>
  <datafield tag="245" ind1="1" ind2="0">
    <subfield code="a">Econom&#xED;a y derechos humanos : </subfield>
    <subfield code="b">del liberalismo al neoliberalismo / </subfield>
    <subfield code="c">Manuel Humberto Restrepo Dom&#xED;nguez </subfield>
  </datafield>
  <datafield tag="250" ind1=" " ind2=" ">
    <subfield code="a">Primera edici&#xF3;n </subfield>
  </datafield>
  <datafield tag="260" ind1=" " ind2=" ">
    <subfield code="a">Tunja, Colombia : </subfield>
    <subfield code="b">Uptc, </subfield>
    <subfield code="c">2010.</subfield>
  </datafield>
  <datafield tag="300" ind1=" " ind2=" ">
    <subfield code="b">148 p&#xE1;ginas ; </subfield>
    <subfield code="c">21 cm.</subfield>
  </datafield>
  <datafield tag="490" ind1="0" ind2=" ">
    <subfield code="a">Colecci&#xF3;n Investigaci&#xF3;n ; </subfield>
    <subfield code="v">31</subfield>
  </datafield>
  <datafield tag="504" ind1=" " ind2=" ">
    <subfield code="a">Bibliograf&#xED;a : p&#xE1;ginas 39-146</subfield>
  </datafield>
  <datafield tag="505" ind1="0" ind2=" ">
    <subfield code="a">Relaciones estructurales y estructurantes entre derechos humanos y pol&#xED;ticas p&#xFA;blicas: del liberalismo al neoliberalismo. -- Referencias emp&#xED;ricas de la relaci&#xF3;n derechos humanos pol&#xED;ticas p&#xFA;blicas</subfield>
  </datafield>
  <datafield tag="520" ind1="0" ind2=" ">
    <subfield code="a">Este libro profundiza en el campo de la intersecci&#xF3;n entre los derechos y la econom&#xED;a de mercado, y permite adentrarse en el complejo mundo de nuevas m&#xE9;dulas en las viejas estructuras del Estado, la sociedad y el sujeto; ahonda respecto a c&#xF3;mo el sujeto del capital ahora es el encargado de producir una explicaci&#xF3;n de lo que ocurre en la realidad que corresponde a sus designios, e integra fragmentos te&#xF3;ricos y pr&#xE1;cticos de las fases anteriores del desarrollo capitalista, que crea al neoliberalismo como la fase superior del liberalismo, que es superado en la pr&#xE1;ctica, aunque sus bases contin&#xFA;en vigentes.</subfield>
  </datafield>
  <datafield tag="650" ind1="1" ind2="4">
    <subfield code="a">Pol&#xED;tica p&#xFA;blica.</subfield>
    <subfield code="9">27508</subfield>
  </datafield>
  <datafield tag="650" ind1="2" ind2="4">
    <subfield code="a">Liberalismo</subfield>
    <subfield code="9">39489</subfield>
  </datafield>
  <datafield tag="650" ind1="2" ind2="4">
    <subfield code="a">Derechos civiles</subfield>
    <subfield code="9">39490</subfield>
  </datafield>
  <datafield tag="650" ind1="2" ind2="4">
    <subfield code="a">Estudios de casos</subfield>
    <subfield code="9">39491</subfield>
  </datafield>
  <datafield tag="650" ind1="2" ind2="4">
    <subfield code="a">Globalizaci&#xF3;n</subfield>
    <subfield code="9">39492</subfield>
  </datafield>
  <datafield tag="942" ind1=" " ind2=" ">
    <subfield code="2">ddc</subfield>
    <subfield code="c">BK</subfield>
  </datafield>
  <datafield tag="999" ind1=" " ind2=" ">
    <subfield code="c">12178</subfield>
    <subfield code="d">12178</subfield>
  </datafield>
  <datafield tag="952" ind1=" " ind2=" ">
    <subfield code="0">0</subfield>
    <subfield code="1">0</subfield>
    <subfield code="2">ddc</subfield>
    <subfield code="4">0</subfield>
    <subfield code="7">0</subfield>
    <subfield code="a">CPL</subfield>
    <subfield code="b">CPL</subfield>
    <subfield code="c">GEN</subfield>
    <subfield code="d">2018-04-15</subfield>
    <subfield code="e">Donaci&#xF3;n</subfield>
    <subfield code="o">323.4 / R277e</subfield>
    <subfield code="p">430001429</subfield>
    <subfield code="r">2024-05-16 00:00:00</subfield>
    <subfield code="t">Ej.1</subfield>
    <subfield code="w">2021-03-10</subfield>
    <subfield code="y">BK</subfield>
  </datafield>
</record>
